000 00704nam a2200265Ia 4500
003 OSt
005 20221006151214.0
006 a|||||r|||| 00| 0
007 ta
008 221006b |||||||| |||| 00| 0 jpn d
020 _c¥1800
024 _a21,295
037 _bGift, Japan Foundation
_cTextual
040 _aEASL
_cEASL
_bjpn
041 _2jpn
_ajpn
082 _aY2:4:6, M3
100 _aYUZAWA Yasuhiko
_9658565
245 0 _aKazoku mondai no shakaigaku
260 _aTokyo
_bSaiensu Sha Japan
_c1983
300 _a220p.
_ccm.
490 _v JL
650 _aJL
942 _hY2:4:6, M3
_cTEXL
_2CC
999 _c1089381
_d1089381